Statistics for Uk/Ireland Pics

Click here to take the quiz!

General Stats

  • This quiz has been taken 15 times
  • The average score is 6 of 16

Answer Stats

Answer% Correct
Cricket
100%
Queen Elizabeth
100%
Lion
92%
Clover
75%
London Bridge
58%
Soccer
58%
Gibraltar
42%
Whatsapp
33%
Christmas
17%
Dublin
8%
England
8%
English
8%
Ireland
8%
Ali-A
0%
Kent
0%
Little Venice
0%

Score Distribution

Percentile by Number Answered

Percent of People with Each Score

Your Score History

You have not taken this quiz